[Event "Pardubice"]
[Site "Pardubice"]
[Date "1993.??.??"]
[Round "7"]
[White "Blatny, Pavel"]
[Black "Chernin, Alexander"]
[Result "1/2-1/2"]
[WhiteElo "2510"]
[BlackElo "2615"]
[Annotator "Blatny,P"]
[PlyCount "62"]
[EventDate "1993.07.??"]
[EventType "tourn"]
[EventRounds "9"]
[EventCountry "CZE"]
[EventCategory "14"]
[SourceTitle "CBM 037"]
[Source "ChessBase"]
[SourceDate "1993.12.01"]
[SourceVersion "1"]
[SourceVersionDate "1993.12.01"]
[SourceQuality "1"]

1. e4 d6 2. d4 Nf6 3. Nc3 g6 4. Nf3 Bg7 5. Be2 O-O 6. O-O Bg4 7. Be3 Nc6 8. d5
Nb8 $5 (8... Bxf3 9. Bxf3 Ne5 10. Be2 c6 11. f4 Ned7 12. dxc6 bxc6 13. Rb1 Qc7
14. Qd3 Nb6 15. Kh1 Rfd8 16. Bg1 Rab8 17. Rbe1 Nfd7 (17... d5 $5 $13) 18. Qh3
Nf8 19. Nd1 Qc8 $132 {Blatny,P-Chernin,A/Altensteig/1992/}) 9. Qd2 (9. a4 $5 {
()<<} c6 10. a5 a6 11. Nd2 Bxe2 12. Qxe2 Nbd7 13. Nc4 $6 (13. dxc6 bxc6 14. Nc4
$36) 13... Nxe4 $1 14. Nxe4 cxd5 15. Nb6 dxe4 16. Nxa8 Qxa8 17. Bg5 (17. c3 d5
$15 {[+]}) 17... Bxb2 18. Rab1 Bf6 19. Qxe4 b5 $1 $17 {Braga,C-Martin del
Ocampo,R/Manila olm/1992/}) (9. Nd4 Bxe2 10. Qxe2 c5 11. Nf3 Qb6 12. Rab1 Qa6
13. Qd2 Ng4 14. Bg5 Re8 15. Qf4 Ne5 16. Nxe5 Bxe5 17. Qh4 Qc4 $1 18. Rbe1 Bxc3
19. bxc3 f6 20. Bh6 Nd7 21. Qg4 e6 $15 {Chatalbashev,B-Popchev,M/Cacak/1991/})
(9. h3 Bxf3 (9... Bd7 10. e5 Ne8 11. Bf4 $14 {()}) 10. Bxf3 c6 11. Qd2 Nbd7 12.
Rad1 (12. a4 $5 $14) 12... Qc7 13. Rfe1 a6 14. Be2 Rfe8 15. Bf1 b5 16. a3 Nb6
$10 {Teschner,R-Parma,B/Hamburg EUChT/1965/} 17. dxc6) (9. Re1 $5 $14) 9... c6
10. Rad1 (10. a4 $142) 10... Qa5 $1 $132 11. a3 Rc8 (11... Nfd7 $5 $13) 12. b4
Qc7 (12... Qxa3 13. Ra1 Qxb4 14. Rfb1 Nxe4 15. Rxb4 Nxd2 16. Bxd2 Bxf3 17. Bxf3
cxd5 18. Nxd5 $1 Nc6 (18... Rxc2 19. Nxe7+ Kf8 20. Rd1 Nc6 21. Nxc6 bxc6 22.
Rb7 $40) 19. Re1 e6 20. Rxb7 exd5 21. Bxd5 $36) 13. Bd4 Nbd7 14. Rfe1 a5 $5 (
14... Bxf3 15. Bxf3 Ne8 16. Bxg7 Kxg7 17. Bg4 Nef6 $10) 15. e5 $5 (15. h3 Bxf3
16. Bxf3 axb4 17. axb4 Ne8 $132) 15... Nxd5 (15... Bxf3 16. exd6 (16. exf6 Bxe2
17. fxg7 Bxd1 18. Rxe7 Re8 $17) 16... Qxd6 17. Bxf3 axb4 (17... cxd5 18. Nb5
Qc6 19. Na7 $16) 18. axb4 Qxb4 19. Rb1 Qd6 20. Rxb7 $10) 16. Ng5 $1 Bxe2 (16...
Nxe5 $5 17. Nxd5 (17. Bxe5 Bxe2 18. Nxd5 cxd5 19. Bxg7 (19. Qxd5 Bc4 $19) 19...
Bxd1 20. Qf4 f6 21. Ne6 Qxc2 $19) 17... cxd5 18. Bxg4 Nxg4 19. Bxg7 Kxg7 20.
Qxd5 Nh6 (20... Rf8 21. Qxf7+ $1 Rxf7 22. Ne6+ $10) 21. Qd4+ e5 (21... Kg8 22.
Qh4 Kg7 23. Qd4+ $10) 22. Qxd6 Qxd6 23. Rxd6 Rxc2 24. Rd7 $44) 17. e6 f6 $8 (
17... Bxd1 18. exf7+ Kh8 19. Bxg7+ Kxg7 20. Ne6+ $18) 18. exd7 Qxd7 19. Nxd5
cxd5 20. Rxe2 fxg5 21. Bxg7 Kxg7 22. Qxd5 axb4 23. Qxg5 (23. axb4 Rc7 24. Qxg5
Rf8 $10) 23... Rc7 24. axb4 Rf8 25. h3 (25. Rde1 e5 $132) 25... Rf7 {/\Qf5} 26.
Rde1 Qf5 27. Qd2 (27. Qxf5 gxf5 28. Re6 Rxc2 $10) 27... Qf6 28. Re6 Qc3 29.
Qxc3+ Rxc3 30. R1e2 (30. Rxe7 Rxc2 31. R1e6 $10) 30... Kf8 31. Kf1 b5 (31...
Rc4 32. R6e4 Rxe4 33. Rxe4 b5 34. c4 bxc4 35. Rxc4 $10) 1/2-1/2

[Event "Interzonal-16"]
[Site "Biel"]
[Date "1993.??.??"]
[Round "1"]
[White "Yudasin, Leonid"]
[Black "Kakageldyev, Amanmurad"]
[Result "1-0"]
[WhiteElo "2605"]
[BlackElo "2465"]
[Annotator "Blatny,P"]
[PlyCount "53"]
[EventDate "1993.07.16"]
[EventType "swiss"]
[EventRounds "13"]
[EventCountry "SUI"]
[SourceTitle "CBM 037"]
[Source "ChessBase"]
[SourceDate "1993.12.01"]
[SourceVersion "1"]
[SourceVersionDate "1993.12.01"]
[SourceQuality "1"]

1. e4 g6 2. d4 Bg7 3. Nc3 d6 4. Be3 c6 5. Qd2 Nd7 6. Nf3 $5 (6. O-O-O) 6...
Ngf6 7. h3 (7. Bh6 O-O 8. h4 Bxh6 {/\ Ng4} (8... e5 $13)) 7... O-O 8. Bd3 {
/\ 9. 0-0, 9. 0-0-0} e5 9. O-O $14 Re8 (9... b5 10. dxe5 $1 dxe5 11. a4 $36 {<<
}) 10. Rfe1 exd4 (10... b5 11. dxe5 Nxe5 12. Nxe5 Rxe5 13. Bf4 {/\ Rad1|^[+]})
11. Nxd4 (11. Bxd4 Ne5 $1 $10) 11... Nc5 12. Bh6 Nxd3 $6 (12... Qb6 13. Bxg7
Kxg7 14. Nb3 {/\} Nxd3 15. Qxd3 {/\ Rad1-> ><d6}) (12... Bxh6 $1 13. Qxh6 Qb6
$13) 13. cxd3 Bxh6 (13... Qb6 14. Bxg7 Kxg7 15. Nf3 {/\ d4|^[+]}) 14. Qxh6 Nd7
$6 (14... Qb6 15. Nf3 $1 (15. Nb3 Be6 16. Qf4 Kg7 17. Qxd6 Rad8 {/\ 18... Bb3,
18... Rd3=}) 15... Qxb2 16. Rac1 {/\ Ng5, /\ d4, e5->, /\ e5!?, Nce4->}) (14...
Qe7 {/\ Bd7, Qf8+/=}) 15. Nf3 $1 {/\ 16. Ng5, 16. d4|^} Nf8 (15... Qf6 {
/\ 16... Qg7, 16... Nc5+/-}) 16. d4 f6 $6 (16... Qf6 $16 17. Rad1 {/\ 18. e5,
18. d5}) 17. Rad1 {/\ 18. d5+/-|^, 18. e5+/-->} b5 $2 (17... Qe7 $16) 18. e5 $1
d5 $8 (18... fxe5 19. dxe5 d5 20. Ne4 $18) 19. exf6 Rxe1+ 20. Rxe1 Qxf6 21. Re8
{/\ Ng5, Qh7#} Bb7 (21... Qg7 22. Qxg7+ Kxg7 23. Ne5 $18) (21... Qf7 22. Qe3
$18) 22. Qe3 Rxe8 23. Qxe8 Qf4 (23... Qf7 24. Qb8 {/\ Ne2-f4-d3-c5+-}) (23...
Qe6 24. Qb8) 24. Ne2 Qc7 (24... Qd6 25. Ne5) 25. Ne5 g5 (25... Kg7 26. Nf4 {
/\ Qf8, Ne6}) 26. Ng3 Bc8 27. Nxc6 (27. Nxc6 Bd7 28. Ne7+ Kg7 29. Nh5+ Kh6 30.
Ng8#) (27. Nxc6 Be6 28. Ne7+ Kg7 29. Nh5+ Kh6 30. Qxf8+ Kxh5 31. g4+ $18) 1-0

[Event "Wichern op 5th"]
[Site "Hamburg"]
[Date "1999.10.21"]
[Round "8.24"]
[White "Bokelbrink, Uwe"]
[Black "Sturua, Zurab"]
[Result "1/2-1/2"]
[WhiteElo "2309"]
[BlackElo "2602"]
[Annotator "Bokelbrink,U"]
[PlyCount "177"]
[EventDate "1999.10.15"]
[EventType "swiss"]
[EventRounds "9"]
[EventCountry "GER"]
[SourceTitle "EXT 2001"]
[Source "ChessBase"]
[SourceDate "2000.11.22"]
[SourceVersion "1"]
[SourceVersionDate "2000.11.22"]
[SourceQuality "1"]

1. e4 g6 2. d4 Bg7 3. Nc3 d6 4. Be3 a6 5. a4 Nc6 6. h3 Nf6 7. Nf3 O-O 8. Be2 e6
9. O-O b6 10. Re1 Bb7 11. Bf1 Ne7 12. Bg5 h6 13. Bh4 g5 14. Bg3 Ng6 15. e5 Nh5
16. Bh2 Nhf4 17. Ne4 dxe5 18. Nxe5 Nxe5 19. Bxf4 Ng6 20. Bh2 Qe7 21. c3 Rad8
22. Qc2 a5 23. Ng3 Qd7 24. Nh5 Bh8 25. Re3 Bd5 26. Rae1 Rfe8 27. f4 Nh4 28.
fxg5 hxg5 29. Re5 f6 30. R5e3 Qf7 31. Ng3 f5 32. R3e2 c5 33. dxc5 bxc5 34. Rf2
Qg6 35. Be2 Rf8 36. Nf1 Be4 37. Qb3 f4 38. Bg4 Bd5 39. Qb6 Nf5 40. Qxc5 e5 41.
Rd2 Bf7 42. Rxd8 Rxd8 43. Qxa5 Re8 44. Bf3 Nd6 45. Bc6 Rf8 46. Qb4 Rc8 47. Bd7
Rd8 48. Bc6 Rc8 49. Bf3 Rc4 50. Qb8+ Rc8 51. Qb6 e4 52. Bg4 Ra8 53. Qc6 Ra7 54.
Kh1 Be8 55. Qc5 Rxa4 56. Ne3 Bg7 57. b3 Ra2 58. Nd5 Kh8 59. Nc7 Bf7 60. Ne6
Bxe6 61. Qxd6 Bf5 62. Qd8+ Kh7 63. Bxf5 Qxf5 64. Qe8 e3 65. Qh5+ Kg8 66. Qe8+
Bf8 67. Qc6 Qf7 68. b4 Ra7 69. Qb5 Qf6 70. Qd5+ Rf7 71. b5 Qxc3 72. Qxg5+ Bg7
73. Qd8+ Kh7 74. Qd1 Qb4 75. Qd3+ Kg8 76. Re2 Qd4 77. Qb3 Qe4 78. b6 f3 79. b7
fxe2 80. b8=Q+ Kh7 81. Qxf7 e1=Q+ 82. Bg1 Qa1 83. Qh5+ (83. Qb6 e2 (83... Qae5
84. Bxe3 Qa1+ (84... Qxe3 85. Qfg6+ Kg8 (85... Kh8 86. Qd8+) 86. Qd8+ Qe8 87.
Qdxe8+) 85. Bg1) 84. Qh5+) 83... Bh6 84. Qc7+ Qg7 85. Qxg7+ Kxg7 86. Qe2 Kf6
87. Qa6+ Kg7 88. Qe2 Kg6 89. Qa6+ 1/2-1/2

[Event "St Petersburg op"]
[Site "St Petersburg"]
[Date "1993.??.??"]
[Round "?"]
[White "Brodsky, Michail"]
[Black "Korotylev, Alexey"]
[Result "1-0"]
[WhiteElo "2515"]
[BlackElo "2420"]
[Annotator "Brodsky,M"]
[PlyCount "123"]
[EventDate "1993.10.??"]
[EventType "swiss"]
[EventRounds "9"]
[EventCountry "RUS"]
[SourceTitle "CBM 037"]
[Source "ChessBase"]
[SourceDate "1993.12.01"]
[SourceVersion "1"]
[SourceVersionDate "1993.12.01"]
[SourceQuality "1"]

1. e4 d6 2. d4 g6 3. Nf3 Bg7 4. Be2 Nf6 5. Nc3 O-O 6. O-O c6 7. Re1 Nbd7 8. Bf4
Qa5 9. Nd2 Qc7 10. d5 Nb6 11. Bf3 e5 $5 $146 12. dxe6 Bxe6 13. a4 a5 14. Be2
Nfd7 (14... Rfe8 $142 15. Nf3 Rad8 16. Nd4 Bc8 $10) 15. Nf3 Ne5 16. Nd4 Bc4 (
16... d5 17. Bg3 {/\ f4+/=}) (16... Rfe8 $5) (16... Bd7 $5) 17. Bxc4 Nexc4 18.
b3 Ne5 19. Qd2 $14 Nbd7 (19... Rfe8 $142) 20. Bh6 Rfe8 21. Rad1 $1 Bh8 $2 (
21... Rad8 $142 $14) 22. Nde2 $1 Ng4 23. Qxd6 Qxd6 (23... Qb6 24. Qg3 Nxh6 25.
Rxd7 $18) 24. Rxd6 Nc5 25. Bf4 $8 f5 (25... Nxe4 26. Nxe4 Rxe4 27. f3 Bc3 28.
Bd2 Be5 29. Rd3 Bxh2+ 30. Kf1 $18) 26. f3 Nf6 27. Ng3 $16 fxe4 28. Ngxe4 Ncxe4
29. Nxe4 Nd5 30. Bg3 Nb4 31. c3 Nd5 32. c4 Nc3 33. Nxc3 Bxc3 34. Rxe8+ Rxe8 35.
Rd7 Re2 36. h4 $18 b6 (36... Rb2 37. Rxb7 Bb4 38. Rc7 $18) 37. Rd3 Bb4 38. Bf2
c5 (38... Be7 39. Bxb6 Bxh4 40. Bxa5 Bg3 41. Bd2 $18) (38... Bc5 39. Bxc5 bxc5
40. Rd6 Re3 41. Rxc6 Rxb3 42. Rxc5 Rb4 43. Rxa5 Rxc4 44. Ra8+ Kf7 45. Ra7+ Kg8
46. h5 $18) 39. Bg3 Rb2 40. Bc7 (40. Kh2 $142) 40... Be1 41. Kh2 Bxh4 42. Bxb6
Bf2 43. Bxa5 Kf7 44. Bd2 Bh4 45. Bc1 Rb1 46. Be3 Be7 47. Kg3 Ke6 48. Bh6 Rb2
49. Bg7 Ra2 50. Re3+ Kf7 51. Be5 h5 52. f4 g5 53. fxg5 Bxg5 54. Rd3 Bd2 55. Bc3
Bg5 56. Kf3 Ke6 57. Rd5 Be7 58. Rxh5 Bd6 59. Rh1 Rc2 60. Re1+ Kf5 61. Re3 Rc1
62. g4+ 1-0

[Event "Olympiad-23"]
[Site "Buenos Aires"]
[Date "1978.10.31"]
[Round "6"]
[White "Polugaevsky, Lev"]
[Black "Sax, Gyula"]
[Result "1/2-1/2"]
[WhiteElo "2620"]
[BlackElo "2550"]
[Annotator "Bukic,E"]
[PlyCount "80"]
[EventDate "1978.10.25"]
[EventType "team-swiss"]
[EventRounds "14"]
[EventCountry "ARG"]
[SourceTitle "EXT 2000"]
[Source "ChessBase"]
[SourceDate "1999.11.16"]
[SourceVersion "1"]
[SourceVersionDate "1999.11.16"]
[SourceQuality "1"]
[WhiteTeam "Soviet Union"]
[BlackTeam "Hungary"]
[WhiteTeamCountry "URS"]
[BlackTeamCountry "HUN"]

{Inf.26/178} 1. Nf3 g6 2. e4 Bg7 3. d4 d6 4. Nc3 Nf6 5. Be2 O-O 6. O-O Bg4 7.
Be3 Nc6 8. Qd3 Nd7 $1 (8... e5 9. d5 Ne7 10. Nd2 $14) 9. Nd2 Nb4 $1 10. Qc4
Bxe2 11. Nxe2 c5 $1 12. dxc5 dxc5 13. Rad1 (13. Bxc5 Nxc5 14. Qxb4 Bxb2 $1 15.
Rab1 Na6 $1) 13... Qc7 14. Nf3 b6 $11 15. c3 Nc6 16. Bf4 Nde5 17. Bxe5 Bxe5 $1
(17... Nxe5 18. Nxe5 Bxe5 19. f4 $14) 18. b4 Bg7 19. g3 (19. bxc5 Na5) 19...
Rac8 20. bxc5 Nb8 21. Qa4 bxc5 22. Rd3 Qb7 23. Rd5 e6 24. Rd6 c4 25. Qc2 Nd7
26. Rb1 Qc7 27. Rdd1 Nc5 $15 28. Ne1 Qc6 29. f3 Rfd8 (29... f5 30. Nd4) 30.
Rxd8+ Rxd8 31. Rd1 Rxd1 32. Qxd1 Qa4 33. Qxa4 Nxa4 34. Nc2 Nxc3 35. Nxc3 Bxc3
36. Kf1 $11 Ba5 37. Ke2 Bb6 38. Na3 Bg1 39. Nxc4 h5 40. h3 Kg7 1/2-1/2

[Event "Porz op"]
[Site "Cologne"]
[Date "1982.08.21"]
[Round "8"]
[White "Werner, Dimo"]
[Black "Paulsen, Dirk"]
[Result "1-0"]
[WhiteElo "2340"]
[BlackElo "2315"]
[Annotator "Bulletin"]
[PlyCount "85"]
[EventDate "1982.08.14"]
[EventType "swiss"]
[EventRounds "9"]
[EventCountry "GER"]
[SourceTitle "EXT 2006"]
[Source "ChessBase"]
[SourceDate "2005.11.24"]
[SourceVersion "1"]
[SourceVersionDate "2005.11.24"]
[SourceQuality "1"]

1. d4 g6 2. e4 Bg7 3. Nc3 d6 4. h3 c6 5. a4 {Verhindert b7-b5} a5 6. Nf3 Nd7 7.
Be2 Qc7 8. O-O Ngf6 9. Be3 O-O 10. Qd2 Re8 {Um auf evtl. Bh6 mit Bh8 antworten
zu können.} 11. Rad1 e5 12. dxe5 dxe5 13. Bc4 Nb6 14. Bb3 Be6 15. Bxe6 Rxe6 16.
Qe2 Bf8 17. b3 $1 Ree8 18. Nd2 {Sorgfältig hat sich Weiß auf c4 einen
Stützpunkt gesichert, da der Nb6 nicht auf Dauer seinen Platz halten kann.} Bb4
$2 {Zeitverlust.} 19. Na2 Be7 20. Nc1 Nbd7 {Schwarz bereitet das Manöver
Nd7-f8-e6-d4 vor.} 21. Nd3 Nf8 22. Nc4 N6d7 ({Nicht} 22... Nxe4 {wegen} 23. Bb6
) 23. f4 $1 {Öffnet die f-Linie, da die weißen Figuren mehr Raum zur Verfügung
haben.} exf4 24. Bxf4 Qd8 25. Nd6 $1 {Beraubt Schwarz seines wichtigen Läufers.
} Bxd6 26. Bxd6 Qb6+ 27. Kh1 Ne6 28. e5 Nd4 29. Qg4 Rad8 30. Rd2 {Bereitet die
Turmverdoppelung auf der f-Linie vor.} Re6 31. Nb2 $1 c5 32. Nc4 Qa6 33. Qh4
Rf8 (33... Rde8 $2 34. Rxf7 $1 Kxf7 35. Qxh7#) 34. Bxf8 Nxf8 35. Rdf2 Nf5 36.
Qg4 h5 37. Qg5 Nh7 38. Qd8+ Kg7 39. Rxf5 gxf5 40. Rxf5 Rg6 41. Qd7 Ng5 42. Nd6
Qe2 43. Rxf7+ 1-0

[Event "Buenos Aires"]
[Site "Buenos Aires"]
[Date "1980.??.??"]
[Round "?"]
[White "Andersson, Ulf"]
[Black "Kavalek, Lubomir"]
[Result "1-0"]
[WhiteElo "2590"]
[BlackElo "2600"]
[Annotator "Chekhov,V"]
[PlyCount "85"]
[EventDate "1980.10.15"]
[EventType "tourn"]
[EventRounds "13"]
[EventCountry "ARG"]
[EventCategory "13"]
[SourceTitle "MCL"]
[Source "ChessBase"]
[SourceDate "1999.07.01"]
[SourceVersion "1"]
[SourceVersionDate "1999.07.01"]
[SourceQuality "1"]

1. Nf3 g6 2. e4 d6 3. d4 Nf6 4. Nc3 Bg7 5. Be2 O-O 6. O-O Nc6 7. Be3 (7. d5 Nb8
8. h3 c6 9. a4 a5 10. Be3 Na6 11. Nd4 $5 Nb4 12. Bf3 Qc7 13. Qd2 Bd7 14. Rfd1
Rad8 $132 {Yuferov,S-Czerwonski,A/Lublin/1992/0,5 (37)/ Inf 56/140/}) 7... Ng4
$6 (7... e5 8. dxe5 (8. d5 $5) 8... Nxe5 9. Nxe5 dxe5 10. Qxd8 Rxd8 11. Rfd1
Be6 12. Nb5 Rxd1+ 13. Rxd1 Ne8 14. f3 a6 15. Nc3 Bf8 $10 {Ftacnik,L-Gulko,B/
Novi Sad/1990/ Inf 50/142/}) (7... Bg4 8. Qd2 e5 9. d5 (9. dxe5 dxe5 10. Rad1
Qe7 11. Bg5 Bxf3 12. Bxf3 Nd4 13. Nd5 Qd6 14. c3 $1 Nxf3+ 15. gxf3 Nxd5 16.
Qxd5 Qxd5 (16... Qa6 $5) 17. Rxd5 f6 18. Be3 $14 {Andersson,U-Anand,V/Novi Sad/
1990/1:0 (65)/ Inf 50/142/}) 9... Ne7 10. Rad1 Bd7 11. Ne1 b5 12. a3 a5 13. Nd3
Qb8 14. f3 Rd8 15. b4 $1 axb4 16. Nxb4 Rxa3 17. Ra1 Rxa1 18. Rxa1 $44 {
Kuczynski,R-Chernin,A/Polanica Zdroj/1992/ Inf 55/136/}) 8. Bg5 h6 9. Bh4 Nf6
10. d5 Nb8 11. Nd4 c6 12. a4 Qb6 (12... a5 $5) 13. Nb3 a5 14. Kh1 Na6 15. f4
$16 Nb4 (15... Bd7 16. Bf2 Qc7 {/\Rfc8/}) 16. Bf3 cxd5 $6 (16... Bd7 17. dxc6
bxc6 18. e5 dxe5 (18... Nfd5 19. Nxd5 Nxd5 20. Bxd5 cxd5 21. Bxe7 $18) 19. Bxf6
$18) (16... Qc7 $5) 17. exd5 Bf5 $6 (17... Bd7) 18. Bf2 Qd8 19. Nd4 Bd7 20. h3
Na6 (20... Rc8 $5) 21. Re1 Nc5 22. Qd2 Rc8 23. Ncb5 Ne8 24. b3 e5 25. dxe6 fxe6
26. Rad1 e5 $2 (26... Qf6 $5 27. Ne2 Bxb5 28. axb5 $16) 27. fxe5 dxe5 28. Bd5+
Kh7 29. Nf3 Nf6 (29... e4 30. Bxc5 Rxc5 31. Bxe4 $18) 30. Rxe5 Nxd5 31. Rxd5
Ne4 32. Qe1 Nf6 33. R5d2 $18 Qe8 34. Nd6 Qxe1+ 35. Rxe1 Rb8 (35... Rc7 36. Bb6
$18) 36. Ne5 Bc6 37. Nxc6 bxc6 38. Nc4 Nd5 39. Bd4 Ra8 (39... Bxd4 40. Rxd4 Rf2
41. Nxa5 Rxc2 42. Nxc6 $18) 40. Re6 Rf1+ 41. Kh2 Bf8 (41... Ra6 42. Bxg7 Kxg7
43. Rxd5 cxd5 44. Rxa6 dxc4 45. Rxa5 $18) 42. Rxc6 Re8 43. Be5 1-0

[Event "Vladivostok Zaitsev Memorial"]
[Site "Vladivostok"]
[Date "1995.??.??"]
[Round "3"]
[White "Yurtaev, Leonid"]
[Black "Bologan, Viktor"]
[Result "0-1"]
[WhiteElo "2505"]
[BlackElo "2530"]
[Annotator "Chekhov,V"]
[PlyCount "61"]
[EventDate "1995.09.??"]
[EventType "tourn"]
[EventRounds "9"]
[EventCountry "RUS"]
[EventCategory "9"]
[SourceTitle "CBM 050"]
[Source "ChessBase"]
[SourceDate "1996.02.01"]
[SourceVersion "1"]
[SourceVersionDate "1996.02.01"]
[SourceQuality "1"]

1. e4 g6 2. d4 Bg7 3. Nf3 d6 4. Be2 Nf6 5. Nc3 O-O 6. O-O c6 7. a4 Na6 8. Re1 (
8. a5 b5 9. axb6 axb6 10. e5 Ne8 11. Be3 Bb7 12. Qd2 Nac7 13. exd6 exd6 14. Bh6
Nf6 15. Bxg7 Kxg7 16. Ng5 h6 17. Nge4 Nxe4 18. Nxe4 c5 $10 {Horvath,
J-Nevednichy,V/Debrecen/1992/0,5/27/}) (8. Be3 Nc7 9. Nd2 b6 10. f4 Bb7 11. Bf3
c5 12. Nb3 Nd7 13. d5 Rb8 14. Qd2 f5 15. exf5 gxf5 16. Bf2 Nf6 $132 {Savon,
V-Titov,G/Moscow/1991/0,5/19/}) 8... b6 (8... Nc7 9. h3 d5 $5 10. e5 Ne4 11.
Nxe4 dxe4 12. Ng5 Ne6 13. Nxe6 Bxe6 14. Bf1 c5 15. Rxe4 Qd5 16. Re1 Rfd8 $10 {
Diaz,J-Perez,I/Colon/1993/0,5/27/}) 9. e5 Ne8 10. exd6 exd6 11. d5 c5 12. Ne4 (
12. Bg5 $5 f6 13. Bf4 $14) 12... Nac7 13. Rb1 (13. c4 $5 a6 14. Bg5 f6 15. Bd2)
13... h6 14. b4 (14. c4 $5 f5 15. Nc3 a6 (15... Na6 $5) 16. Bd2 b5 17. axb5
axb5 18. b4 $36) 14... f5 15. Ng3 Nf6 16. c4 Na6 17. b5 Nb4 18. Bf1 (18. Bd2
Ne4 $1) 18... Ne4 $1 $15 19. Rb3 (19. Nxe4 fxe4 20. Nd2 (20. Rxe4 Bf5 $17)
20... Bd4 $6 (20... Rxf2 $1 21. Kxf2 (21. Nxe4 Rf8 $15) 21... Bd4+ (21... Qh4+
$5 22. Kg1 Bd4+ 23. Kh1 Be5 24. g3 Bxg3 25. Re2 Bg4 $36) 22. Ke2 Qh4 $40) 21.
Nxe4 Bf5 22. Kh1 $5 (22. Bxh6 Bxe4 23. Rxe4 Bxf2+ 24. Kh1 $16)) 19... a6 $1 20.
Nxe4 fxe4 21. Nd2 (21. Rxe4 Bf5 22. Re2 axb5 23. axb5 Ra1 $146) 21... axb5 22.
cxb5 (22. axb5 Ra1 23. Nxe4 Bf5 $36) 22... Na2 (22... Rxa4 23. Rg3 Ra1 24. Rxg6
$40) 23. Rxe4 (23. Nxe4 Nxc1 24. Qxc1 Rxa4 $15) (23. Bb2 Bxb2 24. Rxb2 Nc3 25.
Qc2 Qf6 26. Nxe4 Nxe4 27. Rxe4 Bf5 $17) 23... Nc3 24. Rxc3 Bxc3 25. Nf3 Bg7 26.
h4 Bf5 $17 27. Rc4 Qd7 28. Be3 Rae8 29. Nd2 Qf7 30. g4 (30. Nb3 Be4 $19) 30...
Bd3 $1 $19 31. Bg2 (31. Bxd3 Rxe3 32. fxe3 Qf2+ 33. Kh1 Qxh4+ 34. Kg1 Qg3+ 35.
Kh1 Rf2 $19) (31. Bg2 Rxe3 32. fxe3 Qf2+ 33. Kh1 Be5 $19) 0-1

[Event "Vladivostok op2"]
[Site "Vladivostok"]
[Date "1995.??.??"]
[Round "8"]
[White "Markov, Jurij"]
[Black "Cherniaev, Alexander"]
[Result "1-0"]
[WhiteElo "2450"]
[BlackElo "2450"]
[Annotator "Chekhov,V"]
[PlyCount "90"]
[EventDate "1995.??.??"]
[EventType "swiss"]
[EventRounds "9"]
[EventCountry "RUS"]
[SourceTitle "CBM 049 Extra"]
[Source "ChessBase"]
[SourceDate "1996.01.01"]
[SourceVersion "1"]
[SourceVersionDate "1996.01.01"]
[SourceQuality "1"]

1. d4 d6 2. e4 g6 3. Nc3 Bg7 4. Nf3 Nf6 5. Bf4 O-O 6. Qd2 Bg4 7. Be2 Nc6 8. d5
Bxf3 (8... e5 9. dxe6 fxe6 10. O-O-O Nd7 11. Be3 Qe7 12. Kb1 Rab8 13. h4 b5 14.
Nd4 $14 {Tunik,G-Czerwonski,A/Katowice/1993/1|0/57/}) 9. gxf3 $5 {/N/} (9. Bxf3
Ne5 10. Be2 c6 11. dxc6 bxc6 12. O-O Qc7 13. Rab1 Rfd8 14. Rfd1 a5 15. b3 Rab8
16. a3 Ned7 $132 {Itkis,B-Damljanovic,B/YUG/1994/0|1/44/}) 9... e5 (9... Ne5
10. Bh6 c6 11. Bxg7 Kxg7 12. f4 $14) 10. dxc6 $5 (10. Be3 Nd4 11. Bxd4 exd4 12.
Qxd4 Nh5 13. Qd2 Qh4 $146) 10... exf4 11. cxb7 Rb8 12. Ba6 Nd7 (12... c6 13.
O-O-O Qb6 14. Qe2 Rfd8 15. Rd2 $14) 13. Qd5 $6 (13. Na4 $5 Ne5 14. O-O-O $132)
13... Ne5 $5 (13... Nc5 $5 14. Qc6 $6 (14. Bc4 Rxb7 15. Bb3 Qd7 16. Rd1 (16. h4
c6 17. Qc4 Nxb3 18. axb3 d5 $36) 16... Qh3 17. Ke2 Rb6 $15) 14... Qe8 15. Qxe8
Rfxe8 16. Bb5 Red8 17. Bc6 Nxb7 18. O-O-O Nc5 $15) 14. O-O-O c6 15. Qxd6 Qb6
16. Qa3 Nxf3 17. Rd6 Qxf2 (17... Rfe8 18. Nd5 Qxf2 19. Rxc6) 18. Nd1 $1 (18.
Rxc6 Qe3+ (18... Nd4 19. Nd1 Qg2 $19) 19. Kb1 Nd2+ 20. Ka1 Nxe4 $36) 18... Qb6
(18... Qg2 $5 19. Rf1 Nxh2 20. Rf2 Qg3 21. Rxc6 Qxa3 22. bxa3 Ng4 23. Rf1 h5
24. Rc8 h4 $17) 19. c4 Ne5 (19... Bd4 $5 20. Qxf3 (20. Qa4 Ne5) 20... Be5 21.
Rd7 Qxa6 22. Qb3 Rfd8 23. Rxd8+ Rxd8 24. Nf2 Rb8 25. Nd3 Rxb7 $17) 20. c5 Qc7
21. Qb4 Rfe8 22. Nf2 Bf8 23. Rd2 Qe7 24. Rc2 f3 (24... g5 $5) 25. Kb1 Bh6 26.
Qc3 Qh4 27. a3 Qf4 28. h3 Bg5 29. b4 Bh4 30. Rf1 $13 Bxf2 31. Rcxf2 Qxe4+ 32.
Kb2 h5 33. Kb3 g5 (33... Qd5+ 34. Ka4 g5 35. Rxf3 Nxf3 36. Qxf3 Qxf3 37. Rxf3
Kg7 38. b5 cxb5+ 39. Kxb5 Re5 40. Kc4 Re6 41. Kb5 Re5 $132) 34. Rxf3 Nxf3 35.
Rxf3 Qe5 $6 (35... g4 $5 36. hxg4 hxg4 37. Rg3 Re7 $13) 36. Qxe5 Rxe5 37. Rf6
Re7 (37... Re6 38. Rxe6 fxe6 39. b5 $18) (37... g4 38. hxg4 hxg4 39. Rxc6 g3
40. Rc8+ Re8 41. Rxe8+ Rxe8 42. Bf1 $18) 38. Rxc6 Rbxb7 39. Bxb7 Rxb7 40. Rd6
$18 Kf8 41. Kc4 Ke7 42. Rh6 h4 43. c6 Rb6 44. Kc5 Ra6 45. c7 Rxa3 (45... Rxa3
46. Rc6 Rc3+ 47. Kd5 $18) 1-0